| 000 | 00749aam a2200301 4500 | ||
|---|---|---|---|
| 005 | 20231212121802.0 | ||
| 008 | 150408b2008 xxu||||| |||| 00| 0 spa d | ||
| 020 | _a9789972209420 | ||
| 041 | _aESP | ||
| 082 | _a646.72 N964n | ||
| 245 | _aNuevas técnicas de maquillaje paso a paso | ||
| 260 | _aEspaña | ||
| 260 | _bLexus | ||
| 260 | _c2008 | ||
| 300 | _a216 páginas | ||
| 650 | _aMAQUILLAJE | ||
| 650 | _aTIPOS DE PIEL | ||
| 650 | _aAFECCIONES DE LA PIEL | ||
| 650 | _aCUIDADOS DE LA PIEL | ||
| 650 | _aMAQUILLAJE DE OJOS | ||
| 650 | _aMAQUILLAJE DE LABIOS | ||
| 650 | _aMAQUILLAJE POR EDADES | ||
| 650 | _aCOLORES | ||
| 650 | _aESTILO | ||
| 650 | _aMAQUILLAJE PARA NOVIAS | ||
| 650 | _aCOSMÉTICOS | ||
| 942 |
_cBK _2ddc |
||
| 999 |
_c4380 _d4380 |
||